[Event "Paracin op-A 18th"]
[Site "Paracin"]
[Date "2025.07.05"]
[Round "3"]
[White "Matinian, Nikita"]
[Black "Vignesh, B."]
[Result "1/2-1/2"]
[WhiteElo "2421"]
[BlackElo "2231"]
[PlyCount "114"]
[EventDate "2025.07.04"]
[EventType "swiss"]
[EventRounds "9"]
[EventCountry "SRB"]
[SourceTitle "CB29_2025"]
[SourceDate "2025.07.16"]
[SourceVersion "1"]
[SourceVersionDate "2025.07.16"]
[SourceQuality "1"]

1. e4 e5 2. Nf3 Nc6 3. Bb5 a6 4. Ba4 Nf6 5. 0-0 Be7 6. d3 d6 7. c4 0-0 8. h3 Nd7 9. Be3 f5 10. exf5 Rxf5 11. Nc3 Rf8 12. Re1 Kh8 13. d4 Nb6 14. Bxc6 bxc6 15. Qe2 exd4 16. Bxd4 Bf6 17. Rad1 Bxd4 18. Nxd4 c5 19. Nc2 Bd7 20. Ne3 Qg5 21. Ncd5 Nxd5 22. Rxd5 Qg6 23. Qd3 Qf6 24. Re2 g6 25. Qc2 Rae8 26. Rd3 Bf5 27. Nxf5 Qxf5 28. Ra3 Qxc2 29. Rxc2 Re1+ 30. Kh2 Ra8 31. Kg3 Kg7 32. f3 Kf6 33. Kf2 Ree8 34. g4 h5 35. Ra5 Kg5 36. b4 Kf4 37. bxc5 Re3 38. cxd6 Rxf3+ 39. Kg2 hxg4 40. dxc7 gxh3+ 41. Kh2 Rc8 42. Rxa6 Rxc7 43. Rxg6 Ke4 44. c5 Kd3 45. Rc1 Kd2 46. Rgg1 Rf5 47. Rgd1+ Ke2 48. c6 Rf6 49. Re1+ Kd2 50. Rcd1+ Kc2 51. Rc1+ Kb2 52. a4 Rfxc6 53. Rxc6 Rxc6 54. Kxh3 Ra6 55. Re4 Kb3 56. Kg4 Rxa4 57. Rxa4 Kxa4 1/2-1/2

[Event "Asia-ch Blitz"]
[Site "Al Ain"]
[Date "2025.05.10"]
[Round "3"]
[White "Senthil, Maran K"]
[Black "Matinian, Nikita"]
[Result "1/2-1/2"]
[WhiteElo "2355"]
[BlackElo "2420"]
[PlyCount "89"]
[EventDate "2025.05.10"]
[EventType "swiss (blitz)"]
[EventRounds "9"]
[EventCountry "UAE"]
[SourceTitle "CB20_2025"]
[SourceDate "2025.05.14"]
[SourceVersion "1"]
[SourceVersionDate "2025.05.14"]
[SourceQuality "1"]

1. e4 c5 2. Nf3 e6 3. d4 cxd4 4. Nxd4 Nc6 5. Bf4 d6 6. Nxc6 bxc6 7. Bd3 Rb8 8. Nd2 e5 9. Be3 Nf6 10. 0-0 a5 11. h3 Be7 12. c4 0-0 13. Qc2 Be6 14. Rad1 h6 15. Be2 Qc7 16. Kh1 Rfd8 17. f4 exf4 18. Bxf4 Nd7 19. Nf3 Nc5 20. e5 d5 21. Nd4 Qb7 22. b3 a4 23. bxa4 Rbc8 24. a5 Qa8 25. Qc3 Ne4 26. Qe1 Nc5 27. cxd5 Bxd5 28. Nf5 Bf8 29. Nd6 Bxd6 30. exd6 Ne4 31. d7 Rxd7 32. Bg4 Rcd8 33. Bxd7 Rxd7 34. Rb1 Kh7 35. Qb4 c5 36. Qa3 Qa6 37. Kh2 f5 38. Rfd1 g5 39. Be5 Qe6 40. Qb2 f4 41. Qb8 f3 42. Qh8+ Kg6 43. Rb6 Bc6 44. Rxc6 Qxc6 45. Qe8+ 1/2-1/2

[Event "RUS-chT 32nd"]
[Site "Sochi"]
[Date "2025.05.02"]
[Round "6.3"]
[White "Riazantsev, Alexander"]
[Black "Matinian, Nikita"]
[Result "1-0"]
[WhiteElo "2616"]
[BlackElo "2420"]
[PlyCount "55"]
[EventDate "2025.04.26"]
[EventType "team-swiss"]
[EventRounds "9"]
[EventCountry "RUS"]
[SourceTitle "CB19_2025"]
[SourceDate "2025.05.07"]
[SourceVersion "1"]
[SourceVersionDate "2025.05.07"]
[SourceQuality "1"]
[WhiteTeam "Moscow Sbornaya"]
[BlackTeam "Saratov Muromtsev"]
[WhiteTeamCountry "RUS"]
[BlackTeamCountry "RUS"]

1. d4 Nf6 2. c4 e6 3. Nc3 Bb4 4. e3 b6 5. Bd3 Bb7 6. Nf3 0-0 7. 0-0 c5 8. Re1 d6 9. Bd2 Nbd7 10. Qe2 e5 11. dxe5 Nxe5 12. Nxe5 dxe5 13. e4 Bxc3 14. Bxc3 Nd7 15. Rad1 Qe7 16. Bc2 Rad8 17. Qh5 f6 18. f4 Rfe8 19. Ba4 exf4 20. e5 Nxe5 21. Bxe8 Rxe8 22. Qf5 f3 23. Rxe5 fxe5 24. Rd7 f2+ 25. Kf1 Bxg2+ 26. Kxg2 Rf8 27. Rxe7 Rxf5 28. Kf1 1-0

[Event "Titled Tuesday intern op 01st Apr Early"]
[Site "Chess.com INT"]
[Date "2025.04.01"]
[Round "10"]
[White "Iniyan, Panneerseluam"]
[Black "Matinian, Nikita"]
[Result "1/2-1/2"]
[WhiteElo "2567"]
[BlackElo "2415"]
[PlyCount "174"]
[EventDate "2025.04.01"]
[EventType "swiss (blitz)"]
[EventRounds "11"]
[EventCountry "USA"]
[SourceTitle "CB15_2025"]
[SourceDate "2025.04.09"]
[SourceVersion "1"]
[SourceVersionDate "2025.04.09"]
[SourceQuality "1"]

1. c4 e5 2. Nc3 Nc6 3. g3 g6 4. Bg2 Bg7 5. Nf3 d6 6. d3 Nge7 7. Rb1 a5 8. a3 0-0 9. b4 axb4 10. axb4 Nd4 11. b5 Nxf3+ 12. Bxf3 Bh3 13. Bxb7 Rb8 14. Bf3 f5 15. Nd5 h6 16. Bd2 Kh7 17. Ba5 Nxd5 18. Bxd5 Qe7 19. Qd2 e4 20. dxe4 fxe4 21. Qe3 Rbe8 22. Bc6 Ra8 23. Bd2 Ra2 24. Bxe4 Qe5 25. f3 Be6 26. Qd3 Qc5 27. Bxg6+ Kh8 28. Rc1 Bh3 29. Be3 Qb4+ 30. Kf2 Ra3 31. Qe4 Qb2 32. Rcd1 Ra2 33. Rd2 Qxd2 34. Bxd2 Rxd2 35. Rb1 Bd4+ 36. Ke1 Bc3 37. Kf2 Bd4+ 38. Ke1 Bc3 39. Rb3 Ba5 40. Kf2 Bb6+ 41. Ke1 Ba5 42. Ra3 Bb4 43. Ra8 Rd4+ 44. Kf2 Rxe4 45. Rxf8+ Kg7 46. Bxe4 Kxf8 47. g4 h5 48. gxh5 Be6 49. Bd3 Kg7 50. f4 Kh6 51. e4 Kxh5 52. Kg3 Be1+ 53. Kf3 Bg4+ 54. Ke3 Bd7 55. e5 Bb4 56. exd6 cxd6 57. Be4 Bc5+ 58. Kf3 Bg4+ 59. Kg3 Be6 60. Bd5 Bf5 61. Bf3+ Kh6 62. Bg4 Bd3 63. Be6 Kg6 64. h4 Kf6 65. Bd5 Bb4 66. Kg4 Be2+ 67. Bf3 Bxc4 68. b6 Be6+ 69. Kg3 d5 70. b7 Bd6 71. Bg4 d4 72. Bxe6 Kxe6 73. h5 Kf5 74. Kf3 d3 75. h6 Kg6 76. Ke3 Kxh6 77. Kxd3 Bxf4 78. Ke4 Bb8 79. Kd5 Kg7 80. Kc6 Kf8 81. Kd7 Kf7 82. Kc8 Be5 83. Kd7 Bb8 84. Kc8 Be5 85. Kd8 Ke6 86. Kc8 Bd6 87. b8Q Bxb8 1/2-1/2

[Event "Titled Tuesday intern op 01st Apr Early"]
[Site "Chess.com INT"]
[Date "2025.04.01"]
[Round "6"]
[White "Matinian, Nikita"]
[Black "Gharibyan, Mamikon"]
[Result "0-1"]
[WhiteElo "2415"]
[BlackElo "2473"]
[PlyCount "98"]
[EventDate "2025.04.01"]
[EventType "swiss (blitz)"]
[EventRounds "11"]
[EventCountry "USA"]
[SourceTitle "CB15_2025"]
[SourceDate "2025.04.09"]
[SourceVersion "1"]
[SourceVersionDate "2025.04.09"]
[SourceQuality "1"]

1. e4 e6 2. d4 d5 3. Nc3 Nf6 4. Bg5 dxe4 5. Nxe4 Be7 6. Nxf6+ Bxf6 7. Bxf6 Qxf6 8. Nf3 0-0 9. Qd3 Rd8 10. Qe4 Bd7 11. Bd3 g6 12. Qe5 Qxe5+ 13. Nxe5 Bc6 14. 0-0-0 Bxg2 15. Rhg1 Bc6 16. h4 Be8 17. c3 Nd7 18. f4 Nf6 19. f5 exf5 20. Bxf5 c5 21. dxc5 Rxd1+ 22. Kxd1 Rd8+ 23. Bd3 Rd5 24. Re1 Rxc5 25. Kc2 Kg7 26. b4 Rc7 27. c4 Bd7 28. Nxd7 Nxd7 29. Kc3 b6 30. a4 Nf8 31. Re8 Ne6 32. Rb8 h6 33. Be4 g5 34. hxg5 hxg5 35. Bd5 Kf6 36. Bxe6 Kxe6 37. Rg8 f6 38. Kd4 Rd7+ 39. Ke4 Rd1 40. Re8+ Kf7 41. Ra8 Rd7 42. c5 bxc5 43. bxc5 Ke6 44. Re8+ Re7 45. Ra8 f5+ 46. Kd4 g4 47. Rd8 Rd7+ 48. Rxd7 Kxd7 49. Ke3 Kc6 0-1

[Event "Titled Tuesday intern op 01st Apr Early"]
[Site "Chess.com INT"]
[Date "2025.04.01"]
[Round "1"]
[White "Matinian, Nikita"]
[Black "Mika, Tomasz1"]
[Result "1-0"]
[WhiteElo "2415"]
[BlackElo "2198"]
[PlyCount "75"]
[EventDate "2025.04.01"]
[EventType "swiss (blitz)"]
[EventRounds "11"]
[EventCountry "USA"]
[SourceTitle "CB15_2025"]
[SourceDate "2025.04.09"]
[SourceVersion "1"]
[SourceVersionDate "2025.04.09"]
[SourceQuality "1"]

1. e4 c6 2. d4 d5 3. e5 Bf5 4. Nf3 e6 5. Be2 c5 6. Be3 Qb6 7. Nc3 Nc6 8. Na4 Qa5+ 9. c3 c4 10. b4 Qd8 11. Nh4 Qxh4 12. g4 Be4 13. Rg1 Qxh2 14. Kd2 Be7 15. Nc5 Bxc5 16. bxc5 Nge7 17. Rb1 Rb8 18. Rb2 h5 19. gxh5 Nf5 20. Bg5 Qxf2 21. Rf1 Qh2 22. Kc1 Qh3 23. Qd2 Nfxd4 24. cxd4 c3 25. Qf4 cxb2+ 26. Kxb2 Rf8 27. h6 gxh6 28. Bxh6 Kd7 29. Bxf8 Rxf8 30. Rg1 Bf5 31. Rg3 Qh2 32. Qe3 Qh7 33. Ka3 Rg8 34. Rf3 Rg2 35. Bb5 Qh2 36. Qb3 Kc7 37. Rxf5 exf5 38. Qxd5 1-0

[Event "Titled Tuesday intern op 25th Mar Early"]
[Site "Chess.com INT"]
[Date "2025.03.25"]
[Round "5"]
[White "Gharibyan, Mamikon"]
[Black "Matinian, Nikita"]
[Result "0-1"]
[WhiteElo "2473"]
[BlackElo "2415"]
[PlyCount "104"]
[EventDate "2025.03.25"]
[EventType "swiss (blitz)"]
[EventRounds "11"]
[EventCountry "USA"]
[SourceTitle "CB14_2025"]
[SourceDate "2024.11.01"]
[SourceVersion "1"]
[SourceVersionDate "2024.11.01"]
[SourceQuality "1"]

1. e4 c5 2. Nf3 d6 3. d4 cxd4 4. Nxd4 Nf6 5. Nc3 g6 6. Be3 Nc6 7. f3 h5 8. Bc4 Bd7 9. Qe2 Bh6 10. 0-0-0 Bxe3+ 11. Qxe3 Nxd4 12. Rxd4 Qb6 13. e5 dxe5 14. Qxe5 0-0 15. Rhd1 Be6 16. Bxe6 Qxe6 17. Qxe6 fxe6 18. Re1 Kf7 19. Ne4 Nxe4 20. Rdxe4 Rac8 21. Rxe6 Rc7 22. c3 Rd8 23. Kc2 Rd5 24. R6e4 Rf5 25. Re5 Kf6 26. Re6+ Kf7 27. R1e2 b5 28. a3 a5 29. R2e5 b4 30. Rxf5+ gxf5 31. Re5 Kf6 32. Rxa5 bxc3 33. bxc3 e5 34. h4 f4 35. Ra6+ Kg7 36. Re6 Rc5 37. Kd3 Kf7 38. Rh6 Kg7 39. Rxh5 e4+ 40. Kxe4 Rxh5 41. Kxf4 Rxh4+ 42. g4 Rh2 43. Ke4 Ra2 44. c4 Rxa3 45. Kd5 Rxf3 46. c5 Kf6 47. Kd6 Rd3+ 48. Kc7 Ke6 49. g5 Kd5 50. c6 Rc3 51. g6 Rxc6+ 52. Kd7 Rxg6 0-1

[Event "Titled Tuesday intern op 11th Mar Early"]
[Site "Chess.com INT"]
[Date "2025.03.11"]
[Round "5"]
[White "Jumabayev, Rinat"]
[Black "Matinian, Nikita"]
[Result "1-0"]
[WhiteElo "2549"]
[BlackElo "2415"]
[PlyCount "83"]
[EventDate "2025.03.11"]
[EventType "swiss (blitz)"]
[EventRounds "11"]
[EventCountry "USA"]
[SourceTitle "CB12_2025"]
[SourceDate "2025.03.19"]
[SourceVersion "1"]
[SourceVersionDate "2025.03.19"]
[SourceQuality "1"]

1. d4 Nf6 2. Nf3 g6 3. c4 Bg7 4. g3 0-0 5. Bg2 d6 6. 0-0 c6 7. Nc3 Bf5 8. Re1 d5 9. h3 Ne4 10. Qb3 Qb6 11. cxd5 Qxb3 12. axb3 Nxc3 13. bxc3 cxd5 14. Nd2 Rd8 15. e4 dxe4 16. Nxe4 Nc6 17. Nc5 Nxd4 18. cxd4 Bxd4 19. Be3 Bxa1 20. Rxa1 Bc2 21. Bxb7 Rab8 22. Rxa7 Rd1+ 23. Kg2 f5 24. Ba6 Kf7 25. Bc4+ Ke8 26. Ra2 Bb1 27. Rb2 e5 28. f3 h5 29. Be2 Re1 30. Kf2 Rh1 31. Bf1 f4 32. gxf4 exf4 33. Bxf4 Rc8 34. Rxb1 Rxc5 35. Bb5+ Rxb5 36. Rxh1 Rxb3 37. h4 Kf7 38. Kg3 Ke6 39. Re1+ Kf5 40. Re8 Rb1 41. Rf8+ Ke6 42. Bg5 1-0

[Event "Titled Tuesday intern op 11th Mar Early"]
[Site "Chess.com INT"]
[Date "2025.03.11"]
[Round "9"]
[White "Kshatriya, Nitin Vekhande"]
[Black "Matinian, Nikita"]
[Result "1-0"]
[WhiteElo "2133"]
[BlackElo "2415"]
[PlyCount "111"]
[EventDate "2025.03.11"]
[EventType "swiss (blitz)"]
[EventRounds "11"]
[EventCountry "USA"]
[SourceTitle "CB12_2025"]
[SourceDate "2025.03.19"]
[SourceVersion "1"]
[SourceVersionDate "2025.03.19"]
[SourceQuality "1"]

1. e4 c5 2. Nf3 d6 3. d4 cxd4 4. Nxd4 Nf6 5. Nc3 g6 6. Be3 Nc6 7. f3 h5 8. Bc4 Bd7 9. Qd2 Nxd4 10. Bxd4 Bh6 11. Be3 Bxe3 12. Qxe3 Rc8 13. Bb3 Qa5 14. a3 h4 15. 0-0-0 Rh5 16. Nd5 Nxd5 17. Rxd5 Rxd5 18. exd5 Qb6 19. Qxb6 axb6 20. Kd2 b5 21. Re1 f6 22. c3 Kf7 23. Re4 Rh8 24. Rb4 Rh5 25. Ke3 Re5+ 26. Re4 f5 27. Rxe5 dxe5 28. d6+ Kf6 29. dxe7 Kxe7 30. c4 Kd6 31. cxb5 Bxb5 32. f4 Be8 33. g3 hxg3 34. hxg3 b5 35. Bg8 exf4+ 36. Kxf4 Ke7 37. Kg5 Kf8 38. Bb3 Ke7 39. Bc2 Kd6 40. Bb3 Ke7 41. Bd5 Kd6 42. Bg8 Ke5 43. Bh7 Bd7 44. Bxg6 Be6 45. Be8 Bc4 46. Bd7 Bd3 47. b3 Kd4 48. Bxf5 Be2 49. a4 b4 50. Be6 Kc3 51. Kf6 Bd1 52. a5 Bxb3 53. Bxb3 Kxb3 54. a6 Kc3 55. a7 b3 56. a8Q 1-0

[Event "Titled Tuesday intern op 11th Mar Late"]
[Site "Chess.com INT"]
[Date "2025.03.11"]
[Round "5"]
[White "Matinian, Nikita"]
[Black "Pap, Gyula"]
[Result "1-0"]
[WhiteElo "2415"]
[BlackElo "2475"]
[PlyCount "85"]
[EventDate "2025.03.11"]
[EventType "swiss (blitz)"]
[EventRounds "11"]
[EventCountry "USA"]
[SourceTitle "CB12_2025"]
[SourceDate "2025.03.19"]
[SourceVersion "1"]
[SourceVersionDate "2025.03.19"]
[SourceQuality "1"]

1. e4 e5 2. Nf3 Nc6 3. Bb5 a6 4. Ba4 Nge7 5. c3 Ng6 6. d4 exd4 7. Nxd4 Bc5 8. Be3 Nce5 9. Nf5 Bxe3 10. Nxe3 0-0 11. g3 b5 12. Bc2 Qf6 13. f4 Qb6 14. Nd5 Qc5 15. fxe5 Nxe5 16. b4 Qa7 17. Rf1 d6 18. Qd4 Qb7 19. Nd2 c6 20. Ne3 Be6 21. Qxd6 Qb6 22. Qd4 Qc7 23. Nf3 Nd7 24. Nf5 f6 25. Kf2 Rfe8 26. Bb3 Nf8 27. Rad1 Bxb3 28. axb3 Ne6 29. Qe3 a5 30. bxa5 Rxa5 31. Kg1 Ra3 32. b4 c5 33. Nd6 Rb8 34. e5 cxb4 35. exf6 Nf8 36. f7+ Kh8 37. Ng5 Rxc3 38. Qe8 Rc2 39. Ne6 Qa7+ 40. Rd4 Qa2 41. Nf4 Qb2 42. Qxb8 Qxd4+ 43. Kh1 1-0

[Event "Moscow Aeroflot op-A"]
[Site "Moscow"]
[Date "2025.03.05"]
[Round "8"]
[White "Shimanov, Aleksandr"]
[Black "Matinian, Nikita"]
[Result "1/2-1/2"]
[WhiteElo "2593"]
[BlackElo "2415"]
[PlyCount "123"]
[EventDate "2025.03.01"]
[EventType "swiss"]
[EventRounds "9"]
[EventCountry "RUS"]
[SourceTitle "CB11_2025"]
[SourceDate "2025.03.12"]
[SourceVersion "1"]
[SourceVersionDate "2025.03.12"]
[SourceQuality "1"]

1. c4 e5 2. g3 Nc6 3. Bg2 g6 4. Nc3 Bg7 5. e3 d6 6. d3 Be6 7. Rb1 a5 8. a3 Nge7 9. Nd5 0-0 10. b4 axb4 11. axb4 b5 12. Ne2 Rb8 13. Bd2 f5 14. Nxe7+ Nxe7 15. cxb5 Rxb5 16. Nc3 Rb8 17. 0-0 c6 18. f4 Qb6 19. Re1 Rfc8 20. Kh1 Bf7 21. Qc2 Qd8 22. Na4 exf4 23. gxf4 Nd5 24. e4 Nf6 25. Be3 Ng4 26. Bg1 Qh4 27. Re2 fxe4 28. dxe4 Rb5 29. Bf3 Qh3 30. Bg2 Qh4 31. Bf3 Qh3 32. Bg2 Qh6 33. Qd2 Ra8 34. e5 Rxa4 35. Bxc6 Ra2 36. Qd3 Rxe2 37. Qxe2 Nxe5 38. fxe5 Rxe5 39. Qd3 Rh5 40. b5 Be5 41. Qe2 Qf4 42. b6 d5 43. b7 Bb8 44. Rf1 Qc7 45. Be8 Rf5 46. Bxf7+ Qxf7 47. Rc1 Qxb7 48. Qe6+ Kg7 49. Bd4+ Kh6 50. Qe2 Qb3 51. Kg2 Bf4 52. Rd1 Rh5 53. Bg1 Qh3+ 54. Kh1 Re5 55. Qf2 Rf5 56. Rd4 Bg5 57. Qe2 Qf1 58. Qg4 Be3 59. Rd1 Qf3+ 60. Qxf3 Rxf3 61. Bxe3+ Rxe3 62. Rxd5 1/2-1/2

[Event "Moscow Aeroflot op-A"]
[Site "Moscow"]
[Date "2025.03.03"]
[Round "5"]
[White "Matinian, Nikita"]
[Black "Sklokin, Sergey"]
[Result "1-0"]
[WhiteElo "2415"]
[BlackElo "2338"]
[PlyCount "159"]
[EventDate "2025.03.01"]
[EventType "swiss"]
[EventRounds "9"]
[EventCountry "RUS"]
[SourceTitle "CB11_2025"]
[SourceDate "2025.03.12"]
[SourceVersion "1"]
[SourceVersionDate "2025.03.12"]
[SourceQuality "1"]

1. e4 c6 2. d4 d5 3. e5 Bf5 4. h4 h5 5. Bd3 Bxd3 6. Qxd3 Qa5+ 7. b4 Qxb4+ 8. Nd2 Qb5 9. c4 dxc4 10. Nxc4 e6 11. Ne2 Qa6 12. a4 Nd7 13. Bd2 Nb6 14. Rc1 Nxc4 15. Rxc4 Ne7 16. Rh3 Nd5 17. a5 b5 18. Rc1 Qb7 19. Ng3 b4 20. Ne4 Rb8 21. Rf3 Qb5 22. Qxb5 cxb5 23. Ng5 Be7 24. Nxf7 Rf8 25. Ng5 Rxf3 26. Nxf3 Kd7 27. Bg5 Bf8 28. Nd2 Nc3 29. Nb3 Rc8 30. Kd2 Ne4+ 31. Ke3 Rxc1 32. Nxc1 Nxg5 33. hxg5 g6 34. a6 Be7 35. f4 Kc6 36. Ke4 Bf8 37. Nb3 Be7 38. g3 Bf8 39. d5+ exd5+ 40. Kd3 Kd7 41. Nd4 Bc5 42. Nxb5 Ke6 43. Nc7+ Kf5 44. Nxd5 Bf2 45. Nxb4 Bxg3 46. Nc6 h4 47. Ke2 h3 48. Kf3 Bxf4 49. Nxa7 h2 50. Kg2 Bxg5 51. Nb5 Be3 52. Nd6+ Ke6 53. Kxh2 Bc5 54. Nc4 Kd7 55. Kh3 Kc8 56. Nd6+ Kc7 57. Nb5+ Kb6 58. a7 Kb7 59. Kg4 Be7 60. Nd4 Ka8 61. Nc6 Bc5 62. Kg5 Kb7 63. Kxg6 Bf8 64. Kf7 Bc5 65. Ke8 Ba3 66. e6 Bc5 67. Kd8 Ba3 68. Nd4 Bc5 69. Kd7 Bb4 70. Nb5 Bf8 71. Ke8 Bc5 72. Kd8 Bb4 73. Ke8 Bc5 74. Kf7 Bb4 75. Kf6 Bc5 76. Ke5 Bf8 77. Kd5 Be7 78. Nd6+ Ka8 79. Kc6 Bd8 80. Nc8 1-0

[Event "Titled Tuesday intern op 25th Feb Early"]
[Site "Chess.com INT"]
[Date "2025.02.25"]
[Round "7"]
[White "Carcamo, Matias"]
[Black "Matinian, Nikita"]
[Result "1-0"]
[WhiteElo "2084"]
[BlackElo "2415"]
[PlyCount "87"]
[EventDate "2025.02.25"]
[EventType "swiss (blitz)"]
[EventRounds "11"]
[EventCountry "USA"]
[SourceTitle "CB10_2025"]
[SourceDate "2025.03.05"]
[SourceVersion "1"]
[SourceVersionDate "2025.03.05"]
[SourceQuality "1"]

1. e4 c5 2. Nc3 Nc6 3. g3 g6 4. Bg2 Bg7 5. d3 Rb8 6. f4 b5 7. Rb1 b4 8. Nce2 e6 9. Nf3 Nge7 10. Be3 Qb6 11. 0-0 d5 12. e5 Nf5 13. Bf2 h5 14. h3 Bb7 15. Qd2 d4 16. Ng5 Nce7 17. Ne4 Nd5 18. g4 hxg4 19. hxg4 Nfe3 20. Bxe3 Nxe3 21. Nd6+ Qxd6 22. exd6 Bxg2 23. Ng3 Kd7 24. Rf2 Bd5 25. Rh2 Rxh2 26. Qxh2 Rh8 27. Qe2 Rh3 28. Ne4 Bxe4 29. dxe4 c4 30. a3 b3 31. cxb3 d3 32. Qd2 Bd4 33. Qa5 Nd5+ 34. Kf1 Ne3+ 35. Kf2 Bb6 36. Qb5+ Kxd6 37. e5+ Ke7 38. bxc4 Nxg4+ 39. Kg2 Re3 40. c5 Bd8 41. Qb7+ Kf8 42. Rh1 Kg7 43. Qc8 Re2+ 44. Kf3 1-0

[Event "Titled Tuesday intern op 25th Feb Early"]
[Site "Chess.com INT"]
[Date "2025.02.25"]
[Round "2"]
[White "Kavutskiy, Konstantin"]
[Black "Matinian, Nikita"]
[Result "1-0"]
[WhiteElo "2351"]
[BlackElo "2415"]
[PlyCount "91"]
[EventDate "2025.02.25"]
[EventType "swiss (blitz)"]
[EventRounds "11"]
[EventCountry "USA"]
[SourceTitle "CB10_2025"]
[SourceDate "2025.03.05"]
[SourceVersion "1"]
[SourceVersionDate "2025.03.05"]
[SourceQuality "1"]

1. e4 c5 2. Nf3 d6 3. d4 cxd4 4. Nxd4 Nf6 5. Nc3 Nc6 6. Bc4 Qb6 7. Ndb5 a6 8. Be3 Qd8 9. Nd4 Ne5 10. Bb3 e6 11. Qe2 Qc7 12. 0-0-0 b5 13. f4 Neg4 14. Bg1 b4 15. Nd5 exd5 16. exd5+ Be7 17. h3 Nh6 18. g4 Nhxg4 19. hxg4 Bxg4 20. Ba4+ Kf8 21. Nf3 Rc8 22. Bd4 Qc4 23. Qe3 Nxd5 24. Qg1 Nf6 25. Bb3 Qe2 26. Bxf6 Qxf3 27. Bxe7+ Kg8 28. Qd4 h5 29. Rhg1 Rh6 30. Qd5 Qxd5 31. Rxd5 Rc6 32. f5 Bf3 33. Rd4 h4 34. Rxh4 Rxh4 35. Bxh4 d5 36. f6 g6 37. Bg5 Be4 38. Rf1 d4 39. Re1 Bf5 40. Re8+ Kh7 41. Bxf7 Rxc2+ 42. Kd1 Rxb2 43. Bg8+ Kh8 44. Be6+ Kh7 45. Bxf5 gxf5 46. f7 1-0

[Event "Titled Tuesday intern op 25th Feb Early"]
[Site "Chess.com INT"]
[Date "2025.02.25"]
[Round "3"]
[White "Matinian, Nikita"]
[Black "Idnani, Roshan R"]
[Result "1-0"]
[WhiteElo "2415"]
[BlackElo "2082"]
[PlyCount "91"]
[EventDate "2025.02.25"]
[EventType "swiss (blitz)"]
[EventRounds "11"]
[EventCountry "USA"]
[SourceTitle "CB10_2025"]
[SourceDate "2025.03.05"]
[SourceVersion "1"]
[SourceVersionDate "2025.03.05"]
[SourceQuality "1"]

1. e4 c5 2. Nf3 d6 3. Bb5+ Bd7 4. c4 Bxb5 5. cxb5 g6 6. d4 Qa5+ 7. Nc3 Bg7 8. 0-0 Nd7 9. Bg5 cxd4 10. Nxd4 Ngf6 11. Qd2 Nxe4 12. Nxe4 Qxd2 13. Bxd2 Bxd4 14. Bc3 Bxc3 15. Nxc3 0-0 16. Rfe1 e6 17. Rad1 d5 18. f4 Rac8 19. Kf2 Rc4 20. Kf3 Rfc8 21. Rd2 Nb6 22. g4 Na4 23. Nxa4 Rxa4 24. b3 Rb4 25. f5 Rc3+ 26. Re3 Rxe3+ 27. Kxe3 Rxb5 28. f6 Rc5 29. Kf4 h6 30. Ke5 d4+ 31. Kd6 Rd5+ 32. Kc7 b6 33. Kb7 Rd7+ 34. Kc6 Rd8 35. Kb7 g5 36. Kxa7 b5 37. Kb6 Rd5 38. a4 bxa4 39. bxa4 e5 40. a5 Rd6+ 41. Kb7 Rxf6 42. a6 Re6 43. a7 Re7+ 44. Kb6 Re6+ 45. Ka5 Re8 46. Rb2 1-0

[Event "Titled Tuesday intern op 25th Feb Early"]
[Site "Chess.com INT"]
[Date "2025.02.25"]
[Round "4"]
[White "Matinian, Nikita"]
[Black "Martinez Reyes, Pedro Ramon"]
[Result "1-0"]
[WhiteElo "2415"]
[BlackElo "2362"]
[PlyCount "89"]
[EventDate "2025.02.25"]
[EventType "swiss (blitz)"]
[EventRounds "11"]
[EventCountry "USA"]
[SourceTitle "CB10_2025"]
[SourceDate "2025.03.05"]
[SourceVersion "1"]
[SourceVersionDate "2025.03.05"]
[SourceQuality "1"]

1. Nf3 Nf6 2. g3 b6 3. Bg2 Bb7 4. d4 e6 5. 0-0 Be7 6. c4 0-0 7. Nc3 Ne4 8. Bd2 d5 9. Ne5 Nxd2 10. Qxd2 c6 11. Rfd1 Nd7 12. Nxd7 Qxd7 13. Rac1 Rfd8 14. cxd5 cxd5 15. Rc2 Rac8 16. Rdc1 b5 17. e3 b4 18. Ne2 Qa4 19. b3 Qd7 20. Nf4 Rxc2 21. Rxc2 Rc8 22. Nd3 a5 23. Bf1 Bd6 24. f4 g6 25. h4 Rc7 26. Be2 Qc8 27. Rxc7 Qxc7 28. Kf2 h5 29. Qc1 Qb6 30. Ne5 Bxe5 31. fxe5 Bc6 32. g4 hxg4 33. Bxg4 Kf8 34. Kg3 Be8 35. Qf1 Qc6 36. Qf2 Ke7 37. Kf4 Qc1 38. Kg5 Kd7 39. Kf6 Qb1 40. Kg7 Qe4 41. Bh3 Ke7 42. Qf6+ Kd7 43. Kf8 Qb1 44. Qe7+ Kc8 45. Qxe8+ 1-0